All International Teams to have beaten France at Football - Statistics

General Stats
  • This quiz has been taken 157 times
  • The average score is 35 of 49
Answer Stats
# Losses Answer % Correct
6 Portugal
96%
17 England
95%
7 England Amateurs
95%
16 Spain
95%
7 Brazil
94%
4 Germany
94%
18 Italy
92%
6 Argentina
91%
30 Belgium
90%
11 Netherlands
90%
2 Russia
90%
6 Sweden
86%
1 Mexico
83%
4 Ireland
82%
1 Ireland Amateurs
82%
12 Switzerland
82%
3 Poland
81%
4 Norway
80%
3 Uruguay
79%
2 Chile
78%
5 Denmark
77%
9 Austria
76%
1 Japan
75%
8 Scotland
74%
1 Colombia
73%
1 Greece
73%
12 Hungary
73%
1 Wales
72%
1 Czechia
69%
1 Slovakia
69%
1 Ukraine
69%
1 Turkey
68%
8 Bulgaria
66%
3 Romania
65%
1 Australia
64%
1 Peru
62%
1 Senegal
61%
4 Soviet Union
61%
10 Yugoslavia
61%
1 China
54%
9 Czechoslovakia
54%
1 South Africa
54%
1 Nigeria
46%
3 East Germany
43%
5 West Germany
40%
1 Luxembourg
36%
1 Belarus
31%
1 Albania
29%
1 Israel
27%
No matching quizzes found
Score Distribution
Percent of People with Each Score
Percentile by Number Answered
Your Score History
You have not taken this quiz